Library of the University of Algiers 3
Ibrahim Sultan Cheibout
شعار جامعة الجزائر 3
مكتبة جامعة الجزائر 3
إبراهيم سلطان شيبوط

تقنيات المحاسبة / (رقم التسجيلة. 42901)

تفاصيل مارك
000 -LEADER
fixed length control field 01050nam a2200193Ia 4500
003 - CONTROL NUMBER IDENTIFIER
control field Ost
005 - DATE AND TIME OF LATEST TRANSACTION
control field 20260507075111.0
008 - FIXED-LENGTH DATA ELEMENTS--GENERAL INFORMATION
fixed length control field 260507s9999||||xx |||||||||||||| ||und||
040 ## - CATALOGING SOURCE
Transcribing agency fsecg
041 ## - LANGUAGE CODE
Language code of text/sound track or separate title ara
082 ## - DEWEY DECIMAL CLASSIFICATION NUMBER
Classification number 330
100 ## - MAIN ENTRY--PERSONAL NAME
Personal name خاف ربي، محمد الزن
Relator term مؤلف
245 #0 - TITLE STATEMENT
Title تقنيات المحاسبة /
Statement of responsibility, etc. محمد الزن خاف ربي
260 ## - PUBLICATION, DISTRIBUTION, ETC.
Place of publication, distribution, etc. الجزائر:
Name of publisher, distributor, etc. دار ابن رشدللنشر والتوزيع,
Date of publication, distribution, etc. 2002
300 ## - PHYSICAL DESCRIPTION
Extent 263 صفحة؛
Dimensions 24 سم
520 ## - SUMMARY, ETC.
Summary, etc. 1- المؤسسة 2- الميزانية وتغيراتها 3- النتيجة والميزانيات 3- الحساب حسابات الاصول 4- حسابات الخصوم 5- النتائج 6- العقد المزدوج والحسابات المقابلة اليومية 7- التحويل 8- حسابات النقدية 9- عمليات الشراء والبيع في المؤسسات الصناعية 10- عمليات الشراء والبيع مع التخفيضات
653 ## - INDEX TERM--UNCONTROLLED
Uncontrolled term تقنيات محاسبة
942 ## - ADDED ENTRY ELEMENTS (KOHA)
Koha item type كتب
المقتنيات
Withdrawn status Lost status Source of classification or shelving scheme Damaged status Not for loan Home library Current library Date acquired Serial enumeration / chronology Inventory number Total checkouts Full call number Barcode Date last seen Price effective from Koha item type
    Dewey Decimal Classification   NOT LOAN / إعارة داخلية مكتبة كلية العلوم الإقتصادية والعلوم التجارية وعلوم التسيير مكتبة كلية العلوم الإقتصادية والعلوم التجارية وعلوم التسيير 07/05/2026 الطابق الأرضي 1/1/1464   أ/1464ج1 1/1/1464 07/05/2026 07/05/2026 كتب

موارد الويب المفتوحة


© University of Algiers 3 All Rights Reserved
|
Implemented by LECHELAH Riad